Gaming Quiz

Random Gaming Quiz

BlackOps Weapons & Perks Quiz Stats

 Plays Quiz not verified by Sporcle

Support Sporcle.
Go Orange.
Score 0/85 Timer 14:00
0 Plays Today
Category Item % Correct
AK-47
79.7%
Assault RiflesM16
78.9%
Commando
73.2%
Famas
72.4%
AK74u
68.2%
G11
67%
Sub-MachinegunsMP5k
67%
Galil
64.4%
AUG
64.4%
M14
63.2%
LethalFrag Grenade
63.2%
Semtex
62.1%
RPG
61.7%
Claymore
61.7%
Enfield
60.9%
Crossbow
59.8%
Red Dot Sight
59.4%
L96AW
58.2%
Python
58.2%
SPAS-12
57.5%
M60
56.7%
FN FAL
55.6%
Tomahawk
55.2%
WA2000
53.6%
SpecialsBallistic Knife
53.6%
Marathon
53.3%
TacticalWilly Pete
52.9%
RPK
52.5%
Flashbang
52.5%
Category Item % Correct
C4
52.1%
Stakeout
51.7%
Ghost
51%
ShotgunsOlympia
50.6%
Sleight of Hand
49%
Ninja
49%
Perks (Slot 1)Lightweight
48.3%
Scavenger
47.9%
China Lake
47.5%
Concussion Grenade
47.1%
ACOG Scope
46.7%
Noob Tube
46.7%
M1911
45.6%
Uzi
45.2%
Hacker
44.8%
Light MachinegunsHK21
44.4%
Motion Sensor
44.4%
Hardline
44.4%
Warlord
44.4%
CZ75
44.1%
Suppressor
44.1%
LaunchersM72 LAW
43.7%
EquipmentCamera Spike
43.7%
Sniper RiflesDragunov
42.9%
Reflex Sight
42.9%
Nova Gas
42.5%
Flamethrower
42.5%
PSG1
42.1%
Skorpion
41.8%
Category Item % Correct
Stoner63
41.8%
Tactical Insertion
41%
Dual Mag
41%
Masterkey
41%
HS10
40.2%
Makarov
39.8%
Jammer
39.8%
Spectre
39.1%
MPL
38.7%
Flak Jacket
37.5%
(Slot 2)Hardened
37.2%
Kiparis
36.8%
Steady Aim
36.4%
Second Chance
36.4%
Decoy
36%
Slot 3Tactical Mask
35.6%
PM63
35.2%
PistolsASP
34.9%
Grip
32.2%
Strela-3
31.8%
Attachments (all weapon types)Extended Mags
30.3%
Rapid Fire
30.3%
Variable Zoom
28%
Scout
26.4%
MAC-10
22.6%
Infrared Scope
17.6%
Akimbo
16.5%

You're not logged in!

Compare scores with friends on all Sporcle quizzes.
OR
Log In

From the Vault

Pick the Capital: Africa

by RobPro

Africa's only got 54 countries - how hard could it be?
Remove Ads.
Support Sporcle.
Get the best of Sporcle when you Go Orange. This ad-free experience offers more features, more stats, and more fun while also helping to support Sporcle. Thank you for becoming a member.

Show Comments

Extras

Created Mar 8, 2011ReportNominate
Tags:black, Category, item, Perk, Weapons

Top Quizzes Today


Score Distribution

Your Account Isn't Verified!

In order to create a playlist on Sporcle, you need to verify the email address you used during registration. Go to your Sporcle Settings to finish the process.

Report this User

Report this user for behavior that violates our Community Guidelines.

Details: